PRINCIPLES OF MANAGERIAL FINANCE (Record no. 15296)

MARC details
000 -LEADER
fixed length control field 00359nam a2200133Ia 4500
008 - FIXED-LENGTH DATA ELEMENTS--GENERAL INFORMATION
fixed length control field 240624s9999 xx 000 0 und d
041 ## - LANGUAGE CODE
Language code of text/sound track or separate title eng
082 ## - DEWEY DECIMAL CLASSIFICATION NUMBER
Classification number 658.15 GIT
100 ## - MAIN ENTRY--PERSONAL NAME
Personal name GITMAN LAWRENCE J
245 ## - TITLE STATEMENT
Title PRINCIPLES OF MANAGERIAL FINANCE
250 ## - EDITION STATEMENT
Edition statement (11th ed.)
260 ## - PUBLICATION, DISTRIBUTION, ETC.
Date of publication, distribution, etc. 2009
Place of publication, distribution, etc. New Delhi
Name of publisher, distributor, etc. Pearson Education
300 ## - PHYSICAL DESCRIPTION
Extent xxx, : 685 : p. : cm. ; 25
Holdings
Withdrawn status Lost status Damaged status Not for loan Home library Current library Shelving location Date acquired Full call number Barcode Date last seen Price effective from Koha item type
Store Books       IMTN IMTN Rack 23-A 06/03/2010 658.15 GIT 15296 06/24/2024 06/24/2024 Books
Designed & Maintained by: LRC IMT Nagpur Contact: lrc@imtnag.ac.in© 2024. All Rights Reserved.